000 00619cam a22002053a 4500
001 39711
003 PGUSA
005 20140828083901.0
008 120516s2012||||xxu|||||s|||||000 | eng d
040 _aPGUSA
_beng
042 _adc
100 1 _aHallam, Henry,
_d1777-1859
245 1 0 _aConstitutional History of England, Vol 1 of 3 :
_bHenry VII to George II
_h[electronic resource] /
_cHenry Hallam
260 _bProject Gutenberg,
_c2012
506 _aPublic domain in the USA.
516 _aElectronic text
830 0 _aProject Gutenberg
_v39711
856 4 0 _uhttp://www.gutenberg.org/ebooks/39711
942 _cEB
999 _c268964
_d268964